Name the Ruins - Statistics

General Stats
  • This quiz has been taken 26 times
  • The average score is 4 of 15
Answer Stats
Picture Answer % Correct
Angkor Wat
100%
Karnak
63%
Ur
46%
Persepolis
38%
Delphi
33%
Great Zimbabwe
25%
Meroë
25%
Palenque
25%
Chan Chan
17%
Ġgantija
17%
Troy
17%
Por-Bazhyn
13%
Skara Brae
13%
Corfe Castle
8%
Leptis Magna
8%
No matching quizzes found
Score Distribution
Percent of People with Each Score
Percentile by Number Answered
Your Score History
You have not taken this quiz